| 000 | 01513cam a22004934i 4500 | ||
|---|---|---|---|
| 003 | PE-LiUPU | ||
| 005 | 20250731165629.0 | ||
| 008 | 150616s1970 sp r 000 0 spa d | ||
| 035 | _a(Sirsi) a6389 | ||
| 040 |
_aPE-LiUPU _bspa _cPE-LiUPU _erda |
||
| 049 | _aPRUA | ||
| 082 | 0 | 4 |
_a463 _bE24 _221 |
| 110 | 2 | _aEditorial Santillana S.A. | |
| 245 | 1 | 0 | _aDiccionario del Lenguaje Usual. |
| 264 | 1 |
_aMadrid : _bSantillana S.A., _c1970. |
|
| 300 |
_a758 páginas ; _c25 centímetros |
||
| 336 |
_atext _2rdacontent |
||
| 337 |
_aunmediated _2rdamedia |
||
| 338 |
_avolume _2rdacarrier |
||
| 500 | _aEl Arbol Alegre. | ||
| 505 | 0 | _aSignificado de palabras A - Z diccionarios. | |
| 526 | _aSEG44 | ||
| 526 | _aSEG26 | ||
| 526 | _aP151 | ||
| 526 | _aP150 | ||
| 526 | _aP149 | ||
| 526 | _aP146 | ||
| 526 | _aP145 | ||
| 526 | _aP126 | ||
| 526 | _aP125 | ||
| 526 | _aP92 | ||
| 526 | _aP75 | ||
| 526 | _aP74 | ||
| 526 | _aP27 | ||
| 526 | _aP15 | ||
| 650 | 0 | 4 |
_aEspañol _xDiccionarios. |
| 910 |
_ajck _bjvq _cjck |
||
| 942 |
_2ddc _cBOOK |
||
| 949 |
_aRC 463 E24 _wDEWEY _c1 _i39656 _lCCODEBUL1 _mBUL _p20.00 _r0 _sY _tBOOK _u19951012 _xTEOLOGIA _zUNKNOWN _0COMPRA _o.STAFF. Colección Teología |
||
| 994 |
_aC0 _bPEPRU |
||
| 596 | _a1 | ||
| 999 |
_aRC 463 E24 _wDEWEY _c57516 _i39656 _d57516 _e2016-4-6 _f2021-11-9 _g5 _lCCODEBUL1 _mBUL _n1 _p44.00 _r0 _sY _tBOOK _u2015-6-16 _xTEOLOGIA _PP35 _0COMPRA _o.STAFF. Colección Teología |
||
| 980 |
_81 _gALBERTO SANCHEZ Responsable de Automatización |
||